[Event "Tom Weston Open Major"]
[Site "Cardiff"]
[Date "2018.03.30"]
[Round "1.1"]
[White "Camp, Syringa Lyn"]
[Black "Yeo, Gareth"]
[Result "1-0"]
[WhiteElo "1676"]
[BlackElo "1946"]
[PlyCount "99"]
[EventDate "2018.03.30"]
[EventType "swiss"]
[EventRounds "7"]
[EventCountry "WLS"]
[SourceDate "2018.03.30"]

1. e4 g6 2. Nf3 Bg7 3. d4 c6 4. Bc4 d5 5. exd5 cxd5 6. Bb3 Nc6 7. Bf4 Nf6 8. h3
O-O 9. Nc3 e6 10. O-O a6 11. Qc1 Re8 12. Bh6 Bh8 13. Ne2 b5 14. c3 Na5 15. Ng3
Nc4 16. Re1 Bb7 17. Bc2 Rc8 18. Rb1 a5 19. Qf4 Nd6 20. Ne5 Re7 21. Bg5 Nde8 22.
Ng4 Rec7 23. h4 Rc6 24. h5 Qc7 25. Nh6+ Kf8 26. Qh4 Ng8 27. hxg6 fxg6 28. Re3
Nxh6 29. Bxh6+ Bg7 30. Bf4 Bf6 31. Bg5 Bxg5 32. Qxg5 Qg7 33. Rbe1 Nc7 34. Rf3+
Kg8 35. Bd3 b4 36. cxb4 axb4 37. Nf1 Qxd4 38. Qe7 Qg7 39. Qxb4 Na6 40. Qd2 Nc5
41. Bb1 Rb6 42. b4 Na6 43. a3 e5 44. Ba2 Rd6 45. Ne3 Rcd8 46. Ng4 Re8 47. Nh6+
Kh8 48. Nf7+ Kg8 49. Nxd6 Rd8 50. Bxd5+ 1-0

[Event "Tom Weston Open Major"]
[Site "Cardiff"]
[Date "2018.03.30"]
[Round "1.2"]
[White "Bevan, Peter M"]
[Black "Fox, Chris"]
[Result "1/2-1/2"]
[WhiteElo "1916"]
[BlackElo "1669"]
[PlyCount "146"]
[EventDate "2018.03.30"]
[EventType "swiss"]
[EventRounds "7"]
[EventCountry "WLS"]
[SourceDate "2018.03.30"]

1. c4 e5 2. g3 Nc6 3. Bg2 f5 4. d3 Nf6 5. Nc3 Be7 6. e4 d6 7. Nge2 O-O 8. O-O
fxe4 9. dxe4 Qe8 10. Nd5 Nxd5 11. exd5 Nd8 12. Nc3 Nf7 13. Ne4 Bf5 14. h4 Qd7
15. Kh2 Kh8 16. Be3 Rg8 17. Ng5 Nxg5 18. hxg5 Rgf8 19. Rc1 b6 20. b3 Qe8 21. g4
Bg6 22. Qd2 Qd7 23. Kg3 Rab8 24. a4 a5 25. Rce1 Rbe8 26. f4 exf4+ 27. Rxf4 Rxf4
28. Bxf4 Bd8 29. Rf1 Kg8 30. Bf3 Qe7 31. b4 axb4 32. Qxb4 Qd7 33. a5 bxa5 34.
Qxa5 Bd3 35. Rc1 Be2 36. c5 Bxf3 37. Kxf3 Qe7 38. Kg3 Qe4 39. Qd2 Be7 40. Re1
Qg6 41. Re6 Qf7 42. Qe3 Kf8 43. Qe4 g6 44. Qd4 Kg8 45. cxd6 Bxd6 46. Bxd6 cxd6
47. Qf6 Qxf6 48. gxf6 Rd8 49. Re7 Rf8 50. g5 Ra8 51. Kf4 Ra5 52. Rg7+ Kh8 53.
Ke4 Ra4+ 54. Kd3 Rg4 55. Rd7 Kg8 56. Rxd6 Rxg5 57. Ke4 Kf7 58. Rd7+ Kxf6 59.
Rxh7 Rg1 60. Kd4 Rd1+ 61. Kc5 Rc1+ 62. Kd6 g5 63. Rh6+ Kf5 64. Ke7 g4 65. d6
Re1+ 66. Kf7 Rd1 67. Rf6+ Ke5 68. Re6+ Kf5 69. Ke7 g3 70. Re2 Kf4 71. d7 Kf3
72. Re6 g2 73. Rf6+ Kg3 1/2-1/2

[Event "Tom Weston Open Major"]
[Site "Cardiff"]
[Date "2018.03.30"]
[Round "1.3"]
[White "Servini, Mike"]
[Black "Summers, Charles"]
[Result "0-1"]
[WhiteElo "1660"]
[BlackElo "1901"]
[PlyCount "100"]
[EventDate "2018.03.30"]
[EventType "swiss"]
[EventRounds "7"]
[EventCountry "WLS"]
[SourceDate "2018.03.30"]

1. d4 Nf6 2. Nf3 c5 3. dxc5 Qa5+ 4. c3 Qxc5 5. b4 Qc7 6. Bb2 e6 7. e3 Nc6 8.
Bd3 Ne5 9. Nxe5 Qxe5 10. Nd2 Qc7 11. Rc1 b6 12. a3 Bb7 13. Nf3 a5 14. Qe2 Rc8
15. Ba6 axb4 16. Bxb7 Qxb7 17. cxb4 Rxc1+ 18. Bxc1 Bd6 19. Qd3 Qc6 20. O-O O-O
21. Bb2 Rc8 22. Nd4 Qd5 23. Qa6 Ra8 24. Qe2 Rc8 25. Rc1 Rxc1+ 26. Bxc1 Qe4 27.
g3 h5 28. Bb2 h4 29. f3 Qg6 30. g4 Qb1+ 31. Kg2 Nd5 32. Nb5 Bb8 33. Nc3 Qc2 34.
Qxc2 Nxe3+ 35. Kh3 Nxc2 36. Kxh4 Bxh2 37. Ne2 Bc7 38. f4 f6 39. Nd4 Nxd4 40.
Bxd4 e5 41. fxe5 fxe5 42. Be3 b5 43. Kg5 Kf7 44. Kf5 d5 45. g5 g6+ 46. Kg4 Ke6
47. Bc5 d4 48. Kf3 Kd5 49. Bf8 e4+ 50. Ke2 Bf4 0-1

[Event "Tom Weston Open Major"]
[Site "Cardiff"]
[Date "2018.03.30"]
[Round "1.4"]
[White "Pearson, Raymond"]
[Black "Morgans, Justin"]
[Result "1-0"]
[WhiteElo "1898"]
[BlackElo "1623"]
[PlyCount "61"]
[EventDate "2018.03.30"]
[EventType "swiss"]
[EventRounds "7"]
[EventCountry "WLS"]
[SourceDate "2018.03.30"]

1. c4 f5 2. Nc3 Nf6 3. e4 fxe4 4. g4 d5 5. g5 d4 6. gxf6 dxc3 7. fxg7 cxd2+ 8.
Bxd2 Bxg7 9. Qh5+ Kf8 10. Ne2 Nc6 11. Rg1 Ne5 12. O-O-O Nd3+ 13. Kb1 Qd6 14.
Bc3 Bf6 15. c5 Qa6 16. Nd4 e5 17. Nf5 Be6 18. b3 Rd8 19. Qh6+ Ke8 20. Qxf6 Bxf5
21. Qxh8+ Kd7 22. Rg8 Rxg8 23. Qxg8 Qe6 24. Qxe6+ Kxe6 25. Bxd3 exd3 26. Kb2
Kd5 27. Re1 e4 28. f3 Bg6 29. fxe4+ Bxe4 30. b4 Bg6 31. Re7 1-0

[Event "Tom Weston Open Major"]
[Site "Cardiff"]
[Date "2018.03.30"]
[Round "1.5"]
[White "Probert, Malcolm"]
[Black "Gibbs, Dominic V"]
[Result "0-1"]
[WhiteElo "1620"]
[BlackElo "1869"]
[PlyCount "74"]
[EventDate "2018.03.30"]
[EventType "swiss"]
[EventRounds "7"]
[EventCountry "WLS"]
[SourceDate "2018.03.30"]

1. Nf3 g6 2. g3 f5 3. d4 Nf6 4. Bg2 Bg7 5. O-O O-O 6. c4 d6 7. Nc3 c6 8. Qc2
Na6 9. a3 Qe8 10. b4 e5 11. e3 e4 12. Ng5 h6 13. Nh3 Be6 14. c5 d5 15. Rb1 Nc7
16. a4 g5 17. b5 f4 18. exf4 g4 19. Ng5 hxg5 20. fxg5 Nh7 21. Bf4 Rxf4 22. gxf4
Bxd4 23. Ne2 Bg7 24. Ng3 Bd7 25. b6 axb6 26. Rxb6 Bc8 27. Rfb1 Ne6 28. Nf5 Qf8
29. Nd6 Nxf4 30. Nxc8 Rxc8 31. Rxb7 Nxg5 32. Qd1 Nf3+ 33. Bxf3 gxf3 34. Kh1 Be5
35. Qg1+ Ng2 36. Qc1 Qf6 37. a5 Ra8 0-1

[Event "Tom Weston Open Major"]
[Site "Cardiff"]
[Date "2018.03.30"]
[Round "1.6"]
[White "Evans, Nicholas Thomas"]
[Black "Thomas, Roy"]
[Result "1-0"]
[WhiteElo "1860"]
[BlackElo "1701"]
[PlyCount "73"]
[EventDate "2018.03.30"]
[EventType "swiss"]
[EventRounds "7"]
[EventCountry "WLS"]
[SourceDate "2018.03.30"]

1. d4 f5 2. Nf3 Nf6 3. g3 e6 4. Bg2 Be7 5. O-O O-O 6. c4 d6 7. Nc3 Ne4 8. Qc2
d5 9. Ne5 c6 10. f3 Nxc3 11. Qxc3 Nd7 12. Nd3 Nf6 13. Nf2 dxc4 14. Qxc4 Qd5 15.
Qc3 Rd8 16. Rd1 Bd7 17. e4 Qb5 18. Nd3 Be8 19. a4 Qb6 20. Be3 Rac8 21. a5 Qb5
22. Bf1 fxe4 23. Nc5 Nd5 24. Qc1 Nxe3 25. Bxb5 Nxd1 26. Be2 Bxc5 27. dxc5 e3
28. Bxd1 Rd2 29. Qc4 Rcd8 30. Be2 Bf7 31. Kf1 R8d5 32. Qf4 h6 33. Qxe3 Rxb2 34.
Rd1 Ra2 35. Rxd5 exd5 36. Qe7 Rc2 37. Qd8+ 1-0

[Event "Tom Weston Open Major"]
[Site "Cardiff"]
[Date "2018.03.30"]
[Round "1.7"]
[White "Hunt, Bill"]
[Black "James, Dai"]
[Result "0-1"]
[WhiteElo "1603"]
[BlackElo "1850"]
[PlyCount "90"]
[EventDate "2018.03.30"]
[EventType "swiss"]
[EventRounds "7"]
[EventCountry "WLS"]
[SourceDate "2018.03.30"]

1. e4 e5 2. Nf3 Nc6 3. Bc4 Nf6 4. d3 d5 5. exd5 Nxd5 6. O-O Be7 7. Bb5 O-O 8.
Bxc6 bxc6 9. Nxe5 Bd6 10. Nf3 Bg4 11. Nc3 f5 12. Nxd5 cxd5 13. Bg5 Bxf3 14.
Bxd8 Bxd1 15. Bxc7 Bxc7 16. Raxd1 Rfe8 17. Rfe1 Kf7 18. f3 Rab8 19. b3 Ba5 20.
Rxe8 Rxe8 21. Kf2 d4 22. Rb1 Bb4 23. a4 a5 24. g4 Rc8 25. Rb2 Bc3 26. Rb1 Bd2
27. Rb2 Bc1 28. Ra2 Re8 29. Ra1 Bb2 30. Rb1 Bc3 31. gxf5 Re5 32. Rg1 Rxf5 33.
Rg4 Re5 34. Re4 Ke6 35. f4 Rxe4 36. dxe4 Bd2 37. f5+ Ke5 38. Ke2 Bf4 39. Kf3
Bxh2 40. b4 axb4 41. a5 Kf6 42. Ke2 Bb8 43. Kd3 Ke5 44. Kc4 h5 45. Kxb4 h4 0-1

[Event "Tom Weston Open Major"]
[Site "Cardiff"]
[Date "2018.03.30"]
[Round "1.8"]
[White "Timmins, Chris P"]
[Black "Hurn, Robert AJ"]
[Result "1-0"]
[WhiteElo "1844"]
[BlackElo "1593"]
[PlyCount "79"]
[EventDate "2018.03.30"]
[EventType "swiss"]
[EventRounds "7"]
[EventCountry "WLS"]
[SourceDate "2018.03.30"]

1. d4 Nf6 2. Nf3 d5 3. g3 c5 4. dxc5 Qa5+ 5. Nbd2 Nc6 6. Bg2 e6 7. O-O Qxc5 8.
Nb3 Qd6 9. c3 Be7 10. Nfd2 O-O 11. e4 Rd8 12. exd5 exd5 13. Nf3 Bf5 14. Bf4 Qd7
15. Ne5 Nxe5 16. Bxe5 Rac8 17. Re1 Be6 18. Qd2 b6 19. Nd4 Bh3 20. Rad1 Bxg2 21.
Kxg2 Ne4 22. Qd3 a5 23. f3 Ng5 24. Bxg7 Qh3+ 25. Kh1 Bd6 26. Be5 Bxe5 27. Rxe5
Ne6 28. Qf5 Qxf5 29. Nxf5 Rc5 30. Rexd5 Re8 31. Rxc5 Nxc5 32. Nd4 Kg7 33. Kg2
Kf6 34. Kf2 Kg5 35. Nb5 h5 36. Nd6 Re7 37. Nc4 Re6 38. b3 Rf6 39. Rd4 Re6 40.
Nxb6 1-0

[Event "Tom Weston Open Major"]
[Site "Cardiff"]
[Date "2018.03.30"]
[Round "1.9"]
[White "Ray, Hiya"]
[Black "Christmas, Steve"]
[Result "1-0"]
[WhiteElo "1581"]
[BlackElo "1841"]
[PlyCount "51"]
[EventDate "2018.03.30"]
[EventType "swiss"]
[EventRounds "7"]
[EventCountry "WLS"]
[SourceDate "2018.03.30"]

1. d4 Nf6 2. c4 e6 3. Nf3 b6 4. g3 Bb7 5. Bg2 h6 6. O-O Be7 7. Nc3 d6 8. Re1
Nbd7 9. e4 O-O 10. Bf4 Nh7 11. h4 a5 12. Qd2 g5 13. hxg5 hxg5 14. Be3 f5 15.
exf5 exf5 16. Nxg5 Nxg5 17. Bxb7 Rb8 18. Bd5+ Kg7 19. Kg2 Kg6 20. Rh1 b5 21.
Qe2 Rh8 22. Rxh8 Qxh8 23. Rh1 Qg7 24. Qh5+ Kf6 25. Bxg5+ Qxg5 26. Qf7# 1-0

[Event "Tom Weston Open Major"]
[Site "Cardiff"]
[Date "2018.03.30"]
[Round "1.10"]
[White "McGregor, John"]
[Black "White, Sam"]
[Result "1-0"]
[WhiteElo "1835"]
[BlackElo "1567"]
[PlyCount "127"]
[EventDate "2018.03.30"]
[EventType "swiss"]
[EventRounds "7"]
[EventCountry "WLS"]
[SourceDate "2018.03.30"]

1. e4 e5 2. Nf3 Nc6 3. d4 d6 4. dxe5 Bg4 5. exd6 Bxf3 6. Qxf3 Bxd6 7. Bb5 Nge7
8. O-O O-O 9. Be3 Ne5 10. Qe2 c6 11. Ba4 Qc7 12. g3 Qa5 13. Bb3 Rad8 14. Nd2
Bc5 15. Rad1 Bxe3 16. Qxe3 Ng4 17. Qe2 Qh5 18. h4 Nf6 19. Qxh5 Nxh5 20. Nc4 Nc8
21. Kg2 c5 22. c3 b5 23. Ne3 c4 24. Bc2 Nb6 25. Rxd8 Rxd8 26. Rd1 Rxd1 27. Bxd1
Nf6 28. Kf3 Nbd7 29. Bc2 Ne5+ 30. Ke2 Nfd7 31. f4 Nc6 32. Nd5 Nc5 33. Nb4 Nxb4
34. cxb4 Ne6 35. Ke3 Kf8 36. f5 Nc7 37. Kd4 Ke7 38. b3 cxb3 39. Bxb3 f6 40. Kc5
Kd7 41. Bd5 Kd8 42. Bc6 a6 43. Kb6 h5 44. Bb7 Ne8 45. Bxa6 Nd6 46. Bb7 Kd7 47.
Bc6+ Kd8 48. Bxb5 Nxe4 49. a4 Nd6 50. Bd3 Kc8 51. a5 Kb8 52. Kc6 Nf7 53. Kd5
Ne5 54. Be2 Kc7 55. b5 Kb7 56. Bxh5 Nd3 57. Be2 Ne5 58. Ke6 Kc7 59. g4 Kd8 60.
g5 Nd7 61. Kf7 Ne5+ 62. Kxg7 fxg5 63. hxg5 Nd7 64. f6 1-0

[Event "Tom Weston Open Major"]
[Site "Cardiff"]
[Date "2018.03.30"]
[Round "1.11"]
[White "Burrows, Mike"]
[Black "Dixon, Chris"]
[Result "1-0"]
[WhiteElo "1544"]
[BlackElo "1808"]
[Annotator "Thornton,John"]
[PlyCount "96"]
[EventDate "2018.03.30"]
[EventType "swiss"]
[EventRounds "7"]
[EventCountry "WLS"]
[SourceDate "2018.03.30"]

1. d4 Nf6 2. c4 g6 3. g3 Bg7 4. Bg2 O-O 5. Nc3 d6 6. Nf3 Nbd7 7. O-O e5 8. dxe5
dxe5 9. e4 c6 10. Qc2 Qc7 11. b3 Re8 12. h3 Nf8 13. Be3 Ne6 14. Rfd1 Nh5 15.
Rac1 Rf8 16. Qd2 Rd8 17. Qe1 Nd4 18. Kh2 h6 19. Ne2 c5 20. Nc3 Be6 21. Ng1 Kh7
22. Nd5 Bxd5 23. cxd5 Qd6 24. Ne2 b6 25. f3 f5 26. Nxd4 exd4 27. Bf2 fxe4 28.
fxe4 Be5 29. Rd3 Rf8 30. Rf3 Rf6 31. Rxf6 Qxf6 32. Rd1 Rf8 33. Rd2 Qd6 34. Rd3
Rf6 35. Rf3 Qf8 36. Qe2 Rxf3 37. Qxf3 Qxf3 38. Bxf3 Nf6 39. Kg2 Ne8 40. Be2 Nd6
41. Kf3 Kg7 42. a4 Nf7 43. h4 Nd6 44. Bd3 Kf6 45. Be1 g5 46. Bd2 gxh4 47. gxh4
Nf7 48. a5 h5 {time} 1-0

[Event "Tom Weston Open Major"]
[Site "Cardiff"]
[Date "2018.03.30"]
[Round "1.12"]
[White "Jukes, Sam"]
[Black "Evans, James"]
[Result "1-0"]
[WhiteElo "1760"]
[BlackElo "1542"]
[PlyCount "65"]
[EventDate "2018.03.30"]
[EventType "swiss"]
[EventRounds "7"]
[EventCountry "WLS"]
[SourceDate "2018.03.30"]

1. e4 e5 2. Nf3 Nc6 3. Bc4 Nf6 4. d3 h6 5. c3 Bc5 6. Bb3 d6 7. O-O O-O 8. a4
Be6 9. Bxe6 fxe6 10. b4 d5 11. bxc5 dxe4 12. dxe4 Nxe4 13. Qe2 Nxc5 14. Ba3 Nb3
15. Bxf8 Nxa1 16. Nbd2 Qxf8 17. Rxa1 Qc5 18. Qc4 Qe7 19. Re1 Rd8 20. g3 Rd5 21.
Kg2 Kf7 22. Qg4 Qf6 23. Nc4 Rc5 24. Qe4 Ke7 25. Nfxe5 Nxe5 26. Nxe5 Kd6 27. Qb4
b6 28. Nd3 Qxc3 29. Qf4+ e5 30. Qf8+ Kc6 31. Qe8+ Kd6 32. Rd1 Qb3 33. Qd7+ 1-0

[Event "Tom Weston Open Major"]
[Site "Cardiff"]
[Date "2018.03.30"]
[Round "1.13"]
[White "Jansen Van Rensburg, Leon"]
[Black "Harle, Bill"]
[Result "1/2-1/2"]
[WhiteElo "1497"]
[BlackElo "1782"]
[PlyCount "127"]
[EventDate "2018.03.30"]
[EventType "swiss"]
[EventRounds "7"]
[EventCountry "WLS"]
[SourceDate "2018.03.30"]

1. e4 c6 2. Nf3 g6 3. Nc3 Bg7 4. d4 d5 5. exd5 cxd5 6. Bb5+ Nc6 7. O-O Nf6 8.
Ne5 Bd7 9. Nxd7 Qxd7 10. Be3 a6 11. Ba4 O-O 12. Qd2 e6 13. f3 Qc8 14. Ne2 Ne8
15. Bf4 Qd8 16. c3 Nd6 17. Bc2 Ne7 18. b3 Rc8 19. Rac1 Ndf5 20. g4 Nd6 21. h4
Ne8 22. Qd3 Qd7 23. h5 Nf6 24. h6 Bh8 25. Qe3 Nc6 26. Bg5 Ne8 27. Ng3 f6 28.
Bh4 Qe7 29. Ne2 Nc7 30. Qd3 g5 31. Bg3 Rf7 32. f4 Rcf8 33. f5 Re8 34. Rce1 Nd8
35. c4 dxc4 36. bxc4 Qd7 37. fxe6 Ncxe6 38. d5 Nc5 39. Qf5 Qxf5 40. Bxf5 Ne4
41. Nd4 Rfe7 42. d6 Nxd6 43. Rxe7 Rxe7 44. Bxd6 Re3 45. Kf2 Re8 46. Re1 Rxe1
47. Kxe1 Nf7 48. Be6 f5 49. Nxf5 Bf6 50. Ke2 Bd8 51. Ne7+ Kf8 52. Nc6+ Nxd6 53.
Nxd8 Ke7 54. Kd3 Kxd8 55. Bg8 Ke7 56. Bxh7 Nf7 57. Be4 Nxh6 58. Bxb7 Nxg4 59.
Bxa6 Kd6 60. Bb7 Kc5 61. Bd5 Ne5+ 62. Kc3 g4 63. Be6 g3 64. Bh3 1/2-1/2

[Event "Tom Weston Open Major"]
[Site "Cardiff"]
[Date "2018.03.30"]
[Round "1.14"]
[White "Buttell, David"]
[Black "Fraser, Susanna"]
[Result "1-0"]
[WhiteElo "1773"]
[BlackElo "1486"]
[PlyCount "137"]
[EventDate "2018.03.30"]
[EventType "swiss"]
[EventRounds "7"]
[EventCountry "WLS"]
[SourceDate "2018.03.30"]

1. d4 d5 2. c4 e6 3. Nc3 Nf6 4. cxd5 exd5 5. Bg5 Be7 6. Qc2 O-O 7. e3 h6 8. Bh4
Be6 9. Bd3 Nc6 10. a3 Ng4 11. Bg3 Bh4 12. Bxh4 Qxh4 13. Nf3 Qe7 14. O-O a6 15.
Na4 Rab8 16. b4 Nf6 17. Nc5 Bg4 18. Nd2 Nd7 19. Nxa6 Nxd4 20. exd4 bxa6 21.
Bxa6 Qf6 22. Bd3 Qxd4 23. Nb3 Qe5 24. Rfe1 Qd6 25. f3 Qb6+ 26. Qf2 Qxf2+ 27.
Kxf2 Be6 28. Nd4 c5 29. Nxe6 fxe6 30. Rxe6 cxb4 31. axb4 Rxb4 32. Rd6 Nc5 33.
Rxd5 Rb2+ 34. Kg3 Nxd3 35. Rxd3 Rf6 36. Kh3 Re6 37. Ra4 Re5 38. Rg4 h5 39. Rg6
Kh7 40. Rdd6 Rc2 41. f4 Ree2 42. Rg5 h4 43. Rd7 Rf2 44. Rgxg7+ Kh8 45. Rg4 Rb2
46. Rd5 Rb7 47. Rh5+ Rh7 48. Kxh4 Rxh5+ 49. Kxh5 Kh7 50. h4 Rf1 51. g3 Rf3 52.
Rg5 Rd3 53. f5 Rd6 54. Rg4 Rh6+ 55. Kg5 Kg7 56. Rc4 Rd6 57. h5 Rb6 58. g4 Rd6
59. h6+ Kg8 60. f6 Rd7 61. Kg6 Rd8 62. g5 Rb8 63. Rc7 Rd8 64. Rg7+ Kh8 65. Rh7+
Kg8 66. f7+ Kf8 67. Rh8+ Ke7 68. Rxd8 Kxd8 69. f8=Q+ 1-0

[Event "Tom Weston Open Major"]
[Site "Cardiff"]
[Date "2018.03.30"]
[Round "1.17"]
[White "Di-Vetta, Andrew"]
[Black "Cox, John"]
[Result "1-0"]
[WhiteElo "1691"]
[BlackElo "1443"]
[PlyCount "57"]
[EventDate "2018.03.30"]
[EventType "swiss"]
[EventRounds "7"]
[EventCountry "WLS"]
[SourceDate "2018.03.30"]

1. Nf3 d5 2. c4 c6 3. e3 Nf6 4. d4 g6 5. Nc3 Bg7 6. c5 Bg4 7. h3 Bxf3 8. Qxf3
Nbd7 9. b4 Qc7 10. Qg3 Qxg3 11. fxg3 e5 12. Bb2 exd4 13. exd4 O-O 14. Kf2 Rfe8
15. Bd3 Re7 16. Rhe1 Rae8 17. Rxe7 Rxe7 18. Re1 Rxe1 19. Kxe1 Nh5 20. Ne2 Bh6
21. Kf2 Bd2 22. b5 f5 23. bxc6 bxc6 24. Ba6 Kf7 25. Bb7 Nb8 26. Ng1 Nf6 27. Nf3
Ne4+ 28. Ke2 Ke6 29. Nxd2 1-0

[Event "Tom Weston Open Major"]
[Site "Cardiff"]
[Date "2018.03.30"]
[Round "1.18"]
[White "Larg, Richard"]
[Black "O'Rourke, Kevin"]
[Result "1-0"]
[WhiteElo "1680"]
[BlackElo "1270"]
[PlyCount "73"]
[EventDate "2018.03.30"]
[EventType "swiss"]
[EventRounds "7"]
[EventCountry "WLS"]
[SourceDate "2018.03.30"]

1. d4 d5 2. c4 dxc4 3. e3 Nf6 4. Bxc4 e6 5. Nf3 Nc6 6. Nc3 Nd5 7. O-O Nxc3 8.
bxc3 Ne7 9. e4 a6 10. a4 Bd7 11. Ne5 Bc6 12. Nxc6 bxc6 13. Rb1 Ng6 14. Be3 Qh4
15. Qf3 Bd6 16. e5 Be7 17. Qxc6+ Kf8 18. Qxa8+ Bd8 19. Rb8 Ke7 20. Qc6 Nf8 21.
g3 Qg4 22. Bxa6 Nd7 23. Rb7 f6 24. Bb5 fxe5 25. Qxd7+ Kf6 26. dxe5+ Kg6 27.
Qd3+ Kf7 28. a5 h5 29. Qd4 Qf3 30. Qf4+ Qxf4 31. Bxf4 g5 32. Be3 h4 33. a6 hxg3
34. fxg3+ Kg6 35. Rb8 c6 36. Bxc6 Bb6 37. Be4+ 1-0

[Event "Tom Weston Open Major"]
[Site "Cardiff"]
[Date "2018.03.30"]
[Round "1.19"]
[White "Stuart, Neil"]
[Black "Jones, Jonathan"]
[Result "1-0"]
[WhiteElo "1737"]
[BlackElo "1525"]
[PlyCount "77"]
[EventDate "2018.03.30"]
[EventType "swiss"]
[EventRounds "7"]
[EventCountry "WLS"]
[SourceDate "2018.03.30"]

1. d4 Nf6 2. Nf3 d5 3. c4 Bf5 4. cxd5 Nxd5 5. e3 e6 6. Be2 Bd6 7. Nc3 Nxc3 8.
bxc3 c6 9. O-O Nd7 10. c4 Nf6 11. Re1 Ne4 12. Bd3 Qf6 13. Qc2 Qg6 14. Bb2 O-O
15. Rad1 Bg4 16. Bxe4 f5 17. Ne5 Bxe5 18. f3 Bc7 19. Bxc6 bxc6 20. fxg4 Qxg4
21. d5 f4 22. Qe4 Rad8 23. Qxe6+ Qxe6 24. dxe6 Rxd1 25. Rxd1 fxe3 26. Rd7 Rb8
27. Rxg7+ Kf8 28. e7+ Ke8 29. Rg8+ Kd7 30. Rxb8 Bxb8 31. Ba3 a5 32. h3 Bh2+ 33.
Kf1 Be5 34. Ke2 Bc3 35. Kxe3 Bf6 36. Ke4 Bc3 37. g4 Bb4 38. Bxb4 axb4 39. Kd4
1-0

[Event "Tom Weston Open Major"]
[Site "Cardiff"]
[Date "2018.03.30"]
[Round "2.1"]
[White "Summers, Charles"]
[Black "Jukes, Sam"]
[Result "1/2-1/2"]
[WhiteElo "1901"]
[BlackElo "1760"]
[PlyCount "53"]
[EventDate "2018.03.30"]
[EventType "swiss"]
[EventRounds "7"]
[EventCountry "WLS"]
[SourceDate "2018.03.30"]

1. d4 Nf6 2. Nf3 d5 3. Nc3 g6 4. Bf4 c6 5. e3 Bg7 6. Be2 O-O 7. Ne5 Nbd7 8. h4
Nxe5 9. Bxe5 h5 10. Bxf6 Bxf6 11. g4 Bxg4 12. Bxg4 hxg4 13. Qxg4 Qc8 14. Qf3
Kg7 15. O-O-O Rh8 16. h5 Qe6 17. Ne2 Rag8 18. Rdg1 Kf8 19. Qg3 Qc8 20. hxg6
Rxg6 21. Rxh8+ Bxh8 22. Qh2 Rxg1+ 23. Nxg1 Bf6 24. Nf3 Qg4 25. Ne5 Bxe5 26.
dxe5 Qg7 27. Qf4 1/2-1/2

[Event "Tom Weston Open Major"]
[Site "Cardiff"]
[Date "2018.03.30"]
[Round "2.2"]
[White "Stuart, Neil"]
[Black "Pearson, Raymond"]
[Result "0-1"]
[WhiteElo "1737"]
[BlackElo "1898"]
[PlyCount "118"]
[EventDate "2018.03.30"]
[EventType "swiss"]
[EventRounds "7"]
[EventCountry "WLS"]
[SourceDate "2018.03.30"]

1. d4 Nf6 2. Nf3 g6 3. c4 Bg7 4. Nc3 O-O 5. e4 d6 6. Be2 e5 7. d5 a5 8. O-O Na6
9. Bg5 h6 10. Bh4 Nc5 11. Nd2 Bd7 12. Qc2 Qe8 13. Nb5 Rc8 14. Na7 Rb8 15. Nb5
c6 16. Na3 cxd5 17. cxd5 b5 18. Rac1 g5 19. Bg3 Qe7 20. f3 Nh5 21. Bf2 Nf4 22.
Rfe1 Rfc8 23. Qb1 Qf8 24. Bf1 h5 25. Nb3 Nxb3 26. axb3 Rxc1 27. Rxc1 Rb7 28.
Nc2 g4 29. g3 Ng6 30. fxg4 Bxg4 31. Ne3 Bd7 32. Be2 h4 33. Nf5 hxg3 34. hxg3
Bxf5 35. exf5 Ne7 36. Qe4 Bh6 37. Rc2 Qg7 38. Kg2 Qg5 39. Bd3 f6 40. Be1 Qh5
41. g4 Qf7 42. Bxa5 Nxd5 43. Bd2 Bxd2 44. Rxd2 Nf4+ 45. Kg3 d5 46. Qb4 Nxd3 47.
Rxd3 d4 48. Rd1 Qc7 49. Qd2 Qd6 50. Kg2 Qd5+ 51. Kg1 Rh7 52. Qg2 Qxb3 53. Qa8+
Kg7 54. Rd2 Qe3+ 55. Rf2 Qe1+ 56. Rf1 Qg3+ 57. Qg2 Rh3 58. Ra1 Qe3+ 59. Kf1
Rf3+ 0-1

[Event "Tom Weston Open Major"]
[Site "Cardiff"]
[Date "2018.03.30"]
[Round "2.3"]
[White "Gibbs, Dominic V"]
[Black "Di-Vetta, Andrew"]
[Result "1/2-1/2"]
[WhiteElo "1869"]
[BlackElo "1691"]
[PlyCount "108"]
[EventDate "2018.03.30"]
[EventType "swiss"]
[EventRounds "7"]
[EventCountry "WLS"]
[SourceDate "2018.03.30"]

1. e4 c5 2. c3 d5 3. exd5 Qxd5 4. d4 e5 5. Be3 cxd4 6. cxd4 Bb4+ 7. Nc3 Nc6 8.
Nf3 Bg4 9. dxe5 Nge7 10. Be2 O-O 11. O-O Bxc3 12. bxc3 Bxf3 13. Bxf3 Qxe5 14.
Qb3 b6 15. Rfe1 Qf6 16. Qb5 h6 17. Rad1 Rad8 18. c4 Ne5 19. Be2 N5g6 20. c5 Nf5
21. Bc1 Nd4 22. Qb2 bxc5 23. Bf1 Rfe8 24. Rxe8+ Rxe8 25. Qa3 Qb6 26. Be3 Rd8
27. Rc1 Ne6 28. Bxc5 Nxc5 29. Qxc5 Rd2 30. Qxb6 axb6 31. a4 Nf4 32. Rc8+ Kh7
33. g3 Ne2+ 34. Kg2 Nd4 35. Rb8 Ra2 36. Bb5 Ne6 37. Rxb6 Nc5 38. Kf3 Nxa4 39.
Ra6 Nc3 40. Rxa2 Nxa2 41. Bc4 Nb4 42. Bxf7 Nc6 43. Ke4 g6 44. Kd5 Nb4+ 45. Ke6
Kg7 46. Be8 Nd3 47. f4 Nf2 48. Bc6 Ng4 49. h3 Nf2 50. h4 h5 51. Bf3 Nd3 52. f5
Nc5+ 53. Ke7 gxf5 54. Bxh5 Ne4 1/2-1/2

[Event "Tom Weston Open Major"]
[Site "Cardiff"]
[Date "2018.03.30"]
[Round "2.4"]
[White "Williams, Stephen"]
[Black "Evans, Nicholas Thomas"]
[Result "0-1"]
[WhiteElo "1683"]
[BlackElo "1860"]
[PlyCount "76"]
[EventDate "2018.03.30"]
[EventType "swiss"]
[EventRounds "7"]
[EventCountry "WLS"]
[SourceDate "2018.03.30"]

1. d4 d5 2. c4 e6 3. Nc3 c5 4. cxd5 cxd4 5. Qa4+ Bd7 6. Qxd4 exd5 7. Qxd5 Nc6
8. Nf3 Nf6 9. Qd1 Bc5 10. e3 Qe7 11. Be2 O-O-O 12. O-O g5 13. a3 Bf5 14. Qa4 g4
15. Nh4 Bd7 16. Qc2 Qe5 17. b4 Bd6 18. g3 Kb8 19. Bb2 Qe6 20. Na4 Rhe8 21. Nc5
Bxc5 22. Qxc5 Ne4 23. Qc2 Ng5 24. Rfd1 Ne5 25. Bd4 Nh3+ 26. Kf1 Rc8 27. Qb2 Nc4
28. Qa2 Bb5 29. a4 Qe4 30. Ng2 Bc6 31. Bxc4 Qxg2+ 32. Ke1 Qg1+ 33. Bf1 Ng5 34.
b5 Bg2 35. Ke2 Bf3+ 36. Kd3 Be4+ 37. Kd2 Qxf2+ 38. Be2 Nf3# 0-1

[Event "Tom Weston Open Major"]
[Site "Cardiff"]
[Date "2018.03.30"]
[Round "2.5"]
[White "James, Dai"]
[Black "Larg, Richard"]
[Result "1-0"]
[WhiteElo "1850"]
[BlackElo "1680"]
[PlyCount "77"]
[EventDate "2018.03.30"]
[EventType "swiss"]
[EventRounds "7"]
[EventCountry "WLS"]
[SourceDate "2018.03.30"]

1. e4 e5 2. Nf3 Nc6 3. d4 exd4 4. Nxd4 Nxd4 5. Qxd4 Qf6 6. Be3 Qxd4 7. Bxd4 d6
8. Nc3 c6 9. Be2 Be6 10. a4 Nh6 11. O-O f6 12. Rad1 Be7 13. f4 Bg4 14. Rfe1
Bxe2 15. Rxe2 O-O 16. Rde1 Nf7 17. g3 a6 18. Kg2 Rfe8 19. Nd1 b5 20. Nf2 Kf8
21. Nd3 c5 22. Bf2 c4 23. Nb4 d5 24. Nxd5 Rac8 25. Bd4 Bc5 26. c3 Bxd4 27. cxd4
Red8 28. Rd2 Rd6 29. a5 Nd8 30. Nb6 Rc7 31. e5 Rdc6 32. d5 Rc5 33. d6 Rb7 34.
e6 c3 35. bxc3 Rxc3 36. e7+ Ke8 37. d7+ Rxd7 38. exd8=Q+ Kxd8 39. Rxd7# 1-0

[Event "Tom Weston Open Major"]
[Site "Cardiff"]
[Date "2018.03.30"]
[Round "2.6"]
[White "Camp, Syringa Lyn"]
[Black "Timmins, Chris P"]
[Result "0-1"]
[WhiteElo "1676"]
[BlackElo "1844"]
[PlyCount "68"]
[EventDate "2018.03.30"]
[EventType "swiss"]
[EventRounds "7"]
[EventCountry "WLS"]
[SourceDate "2018.03.30"]

1. e4 e5 2. f4 d5 3. exd5 Bc5 4. Nf3 e4 5. Ne5 Nf6 6. Bb5+ c6 7. dxc6 O-O 8.
Nc3 Nxc6 9. Nxc6 bxc6 10. Bxc6 Bg4 11. Ne2 Rc8 12. Ba4 Qd6 13. h3 Bxe2 14. Qxe2
Rfd8 15. c3 g6 16. b4 Bb6 17. Bb2 Nh5 18. O-O-O Ng3 19. Qe1 Nxh1 20. Qxh1 Qxb4
21. Bc2 Qa5 22. Bb3 e3 23. dxe3 Bxe3+ 24. Kb1 Qf5+ 25. Ka1 Rxd1+ 26. Qxd1 Qxf4
27. a3 Bd2 28. g3 Qe3 29. Qg4 Rc7 30. Qh4 Bxc3 31. Qd8+ Kg7 32. Bxc3+ Rxc3 33.
Bxf7 Qc1+ 34. Ka2 Rxa3# 0-1